| LEADER 00000nam 2200000uu 4500 |
| 001 211356 |
| 003 ULIBM |
| 008 020711s2559 th a 000 0 tha d |
| 041 ^atha^beng
|
| 060 4 อ WX2.JT3 น184 2559
|
| 110 โรงพยาบาลนพรัตนราชธานี
|
| 245 34 ปี โรงพยาบาลนพรัตนราชธานี=^b34th Anniversary of nopparat rajathanee hospital/^cโรงพยาบาลนพรัตนราชธานี
|
| 246 31 ^a34th Anniversary of nopparat rajathanee hospital
|
| 260 กรุงเทพฯ :^bโรงพยาบาลนพรัตนราชธานี,^c2559
|
| 300 123 หน้า :^bภาพประกอบ ;^c30 ซม.
|
| 650 4 โรงพยาบาลนพรัตนราชธานี^xประวัติ
|
| 650 4 ^aโรงพยาบาลนพรัตนราชธานี^xการบริหาร
|
| 999 ^aใช้งานได้ทุกระบบ
|